El mercado de la virtud: moral y responsabilidad social en la sociedad liberal
Kaydedildi:
| Yazar: | |
|---|---|
| Materyal Türü: | Kitap |
| Dil: | İspanyolca |
| Baskı/Yayın Bilgisi: |
Barcelona
Gedisa
1998
|
| Edisyon: | 1a. ed |
| Seri Bilgileri: | Estudios Alemanes
|
| Konular: | |
| Etiketler: |
Etiketle
Etiket eklenmemiş, İlk siz ekleyin!
|
MARC
| LEADER | 00000nam a2200000 a 4500 | ||
|---|---|---|---|
| 001 | UCL7868 | ||
| 003 | CL-VaPUC | ||
| 008 | 040604e19980000SP |||||||||||||||||spa|d | ||
| 020 | |a 8474326125 | ||
| 082 | 0 | 4 | |a 303.372 |b BAU |2 21 |
| 100 | 0 | |a Baurmann, Michael |e author |9 485805 | |
| 245 | 1 | 3 | |a El mercado de la virtud: moral y responsabilidad social en la sociedad liberal |
| 250 | |a 1a. ed | ||
| 300 | |a 270 p | ||
| 942 | |c BK | ||
| 945 | |d 20040604 00:00:00 |a cmena | ||
| 260 | |a Barcelona |b Gedisa |c 1998 | ||
| 650 | 0 | |a Cambio social |9 256857 | |
| 650 | 0 | |a Estado y sociedad |9 345536 | |
| 650 | 0 | |a Problemas sociales |9 258537 | |
| 650 | 0 | |a Etica social |9 267623 | |
| 650 | 0 | |a Justicia social |9 314874 | |
| 650 | 0 | |a Responsabilidad social |9 339076 | |
| 650 | 0 | |a Liberalismo |9 255715 | |
| 583 | |a last modification |c 20040604 00:00:00 |k Rodrigo Vera | ||
| 490 | 0 | |a Estudios Alemanes | |
| 999 | |c 309425 |d 309423 | ||
| 952 | |0 0 |1 0 |4 0 |6 303_372000000000000_BAU_1998 |7 0 |8 DER_TF |9 376864 |a BIBDER |b BIBDER |d 2019-11-21 |i 4023757 |l 1 |o 303.372 BAU 1998 |p 4023757 |r 2023-01-25 |s 2020-03-17 |w 2019-11-21 |x Ubicación 4to Piso |y BK |z Estos recursos deben solicitarse con anticipación |k DER | ||